000 00657cam a22002531 4500
001 sa 68000926
003 DLC
005 20260227112428.0
008 890802s1966 ii b 000 0 hino
010 _asa 68000926
035 _a(OCoLC)20116485
040 _aDLC
_cWaU
_dDLC
042 _apremarc
043 _aa-ii---
050 0 0 _aPK407
_b.M5
100 1 _aMisra, Rama Kant.
245 1 0 _aVyākaraṇaśāstra kā saṅkshipta itihāsa.
260 _c[1966]
300 _a140 p.
_c19 cm.
500 _aAdded t.p. in English.
500 _aIn Hindi.
504 _aBibliographical footnotes.
650 0 _aSanskrit language
_xGrammar
_xHistory.
999 _c77554
_d77554